<?xml version="1.0" encoding="UTF-8"?><?xml-stylesheet type="text/xsl" href="static/style.xsl"?><OAI-PMH xmlns="http://www.openarchives.org/OAI/2.0/" xmlns:xsi="http://www.w3.org/2001/XMLSchema-instance" xsi:schemaLocation="http://www.openarchives.org/OAI/2.0/ http://www.openarchives.org/OAI/2.0/OAI-PMH.xsd"><responseDate>2026-04-29T07:24:13Z</responseDate><request verb="GetRecord" identifier="oai:repisalud.isciii.es:20.500.12105/6134" metadataPrefix="marc">https://repisalud.isciii.es/rest/oai/request</request><GetRecord><record><header><identifier>oai:repisalud.isciii.es:20.500.12105/6134</identifier><datestamp>2025-04-02T08:58:18Z</datestamp><setSpec>com_20.500.12105_2203</setSpec><setSpec>com_20.500.12105_2202</setSpec><setSpec>col_20.500.12105_19585</setSpec></header><metadata><record xmlns="http://www.loc.gov/MARC21/slim" xmlns:dcterms="http://purl.org/dc/terms/" xmlns:doc="http://www.lyncode.com/xoai" xmlns:xsi="http://www.w3.org/2001/XMLSchema-instance" xsi:schemaLocation="http://www.loc.gov/MARC21/slim http://www.loc.gov/standards/marcxml/schema/MARC21slim.xsd">
   <leader>00925njm 22002777a 4500</leader>
   <datafield ind2=" " ind1=" " tag="042">
      <subfield code="a">dc</subfield>
   </datafield>
   <datafield ind2=" " ind1=" " tag="720">
      <subfield code="a">Instituto de Salud Carlos III. Gabinete de prensa</subfield>
      <subfield code="e">author</subfield>
   </datafield>
   <datafield ind2=" " ind1=" " tag="260">
      <subfield code="c">2014-11-11</subfield>
   </datafield>
   <datafield ind2=" " ind1=" " tag="520">
      <subfield code="a">Nota de prensa sobre el estudio de algunos enfisemas pulmonares graves podrían estar relacionados con una mutación genética.La colaboración entre el Instituto de Salud Carlos III, el Registro Español de Pacientes con Déficit alfa-1 antitripsina y la Sociedad Española de Patología Respiratoria, ha hecho posible este hallazgo. La nueva mutación detectada, denominada (QOMadrid) está asociada al déficit grave de alfa-1 antitripsina (DAAT), una proteína que protege el tejido pulmonar de la inflamación por infecciones o irritantes inhalados. La mutación provoca en el individuo una gran susceptibilidad al humo del tabaco que favorece el desarrollo de enfisema pulmonar grave. La colaboración entre instituciones y sociedades científicas es un factor clave en el avance del conocimiento de las enfermedades minoritarias y la mejora de la calidad de vida de los pacientes afectados</subfield>
   </datafield>
   <datafield ind1="8" ind2=" " tag="024">
      <subfield code="a">http://hdl.handle.net/20.500.12105/6134</subfield>
   </datafield>
   <datafield tag="653" ind2=" " ind1=" ">
      <subfield code="a">enfisemas pulmonares</subfield>
   </datafield>
   <datafield ind2="0" ind1="0" tag="245">
      <subfield code="a">Un grupo de científicos españoles descubren por primera vez en el mundo una nueva mutación genética que causa enfisema pulmonar grave</subfield>
   </datafield>
</record></metadata></record></GetRecord></OAI-PMH>